000 00366 a2200169 4500
001 192526
020 _a978-85-16-10211-1
040 _cMagnum
100 _aManceau, Édouard
240 1 0 _aClaque, a tartaruga
_lpor
245 1 0 _aClaque, a tartaruga
300 _a18
362 0 _a2014
440 1 _aSalamandra
697 _aLITERATURA INFANTIL
942 _cBK
999 _c192526
_d192526